Estudio prc̀tico del rǧimen fiscal de dividendos pagados por personas morales

Bibliographic Details
Main Author: Luna Guerra, Antonio
Format: eBook
Language:Spanish
Published: Ciudad de Mx̌ico: Ediciones Fiscales ISEF, 2021
Subjects:
Online Access:Acceso restringido

MARC

LEADER 00000nam a22000007a 4500
005 20210906215326.0
007 cr|||| ||||
008 210906s2021 mx |||||s|||| 00||0 spa d
020 |a 978-368-726-418-7 
035 |a 34837 
040 |a vLex 
090 |c 12268  |d 12268 
100 1 |a Luna Guerra, Antonio 
245 1 0 |a Estudio prc̀tico del rǧimen fiscal de dividendos pagados por personas morales  |h [Recurso electrn̤ico] /  |c Antonio Luna Guerra 
256 |a Servicio en ln̕ea 
260 |a Ciudad de Mx̌ico:  |b Ediciones Fiscales ISEF,  |c 2021 
300 |a 1 recurso electrn̤ico 
506 1 |a Disponible solo en los productos indicados  |d vLex Global  |d vLex Global (Academic Edition, excluding Law Schools)  |d vLex Global (U.S. Academic Edition, Law Schools)  |d vLex Global (U.S. Academic Edition, excluding Law Schools)  |d vLex Global (Academic Edition, Law Schools) 
650 0 4 |a Derecho Fiscal  |z Mx̌ico 
740 0 |a vLex Libros (Servicio en ln̕ea) 
856 4 0 |u https://app.vlex.com/#/sources/34837  |z Acceso restringido 
942 |c BOOK 
999 0 |a Tax Law